000 00694nam a2200217 a 4500
005 20240925064131.0
008 991125s1976 es 000 0 spa u
035 _aUPN01000014377
049 _aCG
050 4 _aHQ783
_bR4.38 1976
100 1 _aReymond-Rivier, Berthe
245 1 3 _aEl desarrollo social del niño y del adolescente /
_cBerthe Reymond-Rivier ; tr. Ramón Strack.
250 _a3a ed.
260 _aBarcelona, Esp. :
_bHerder,
_c1976.
300 _a277 p.
440 0 _aBiblioteca de psicología ;
_v1
590 _a(También localizas un ejemplar en el "Area de Reserva")
590 _aBibliografía Básica (BGTQ)
650 4 _aNiño, Estudio del
_9221
905 _aLibro
999 _c14377
_d14377